Países que son B-L-A-N-C-O - Estadísticas

Estadísticas generales
  • Esta prueba ha sido intentada 188 veces
  • La puntuación promedio es 43 de 66
Respuestas en el mapa
Las respuestas están codificadas por una escala verde-roja en el mapa de la prueba según el % correcto abajo.
 
Estadísticas de respuestas
País % Correcto
Omán
93%
Argentina
85%
Lituania
84%
Alemania
82%
Letonia
81%
Australia
79%
Colombia
79%
Laos
79%
Noruega
79%
Canadá
77%
Angola
75%
Afganistán
74%
Bélgica
74%
Bolivia
73%
Argelia
72%
Namibia
72%
Nicaragua
72%
Albania
71%
Austria
71%
Brasil
71%
Níger
71%
Andorra
70%
Bielorrusia
70%
Chile
70%
China
70%
Costa Rica
70%
Armenia
69%
Bután
69%
Nigeria
69%
Barbados
68%
Luxemburgo
67%
Brunéi
66%
Camerún
66%
Azerbaiyán
65%
Bahamas
65%
Comoras
65%
Lesoto
65%
Libia
65%
Antigua y Barbuda
63%
Botsuana
63%
Bulgaria
63%
Líbano
63%
Liechtenstein
63%
Camboya
61%
Arabia Saudita
60%
Burundi
60%
Croacia
60%
Nauru
60%
Belice
59%
Benín
57%
Corea del Norte
57%
Corea del Sur
57%
Liberia
57%
Bangladés
55%
Nepal
54%
Bosnia y Herzegovina
53%
Cuba
53%
Chad
52%
Nueva Zelanda
52%
Baréin
51%
Costa de Marfil
51%
Cabo Verde
50%
Chipre
50%
Burkina Faso
46%
Catar
35%
Ciudad del Vaticano
18%
No se encontraron pruebas coincidentes
Distribución de puntuación
Porcentaje de gente con cada puntuación
Porcentaje por número respondido
Historial de tus puntuaciones
No has intentado esta prueba.